Costa Rica: el transfondo de las medidas económicas
Gorde:
| Formatua: | Texto |
|---|---|
| Hizkuntza: | Spanish |
| Gaiak: | |
| Etiketak: |
Etiketa erantsi
Etiketarik gabe, Izan zaitez lehena erregistro honi etiketa jartzen!
|
MARC
| LEADER | 00000 a a2200000 04500 | ||
|---|---|---|---|
| 001 | 18006 | ||
| 003 | cru CIDCACS/IIS | ||
| 005 | 20191125112554.0 | ||
| 008 | 191125b ||||| |||| 00| 0 spa d | ||
| 999 | |c 42636 |d 42636 | ||
| 040 | |c cru CIDCACS/IIS | ||
| 245 | 0 | |a Costa Rica: |b el transfondo de las medidas económicas | |
| 300 | |a páginas 553-554 | ||
| 650 | 0 | |a ECONOMIA |9 143 | |
| 650 | 0 | |a POLITICA |9 3691 | |
| 650 | 4 | |a DESEMPLEO |9 1844 | |
| 651 | 0 | |9 32 |a COSTA RICA | |
| 773 | |g volumen 4, número 47; (1980) páginas 547-552 | ||
| 773 | 0 | |0 42391 |9 3863 |a Agencia Latinoamericana de Información, ALAI |d Quito, Ecuador: ALAI |o 04408 |t ALAI: |x 08275564 (Servicio mensual de información y documentación) | |
| 942 | |2 ddc |c PP | ||
